El Somriure del marbre / Miquel Maria Gibert ; pròleg de Jordi Pàmias
Descripción Física:
109 p. , 18 cm
Colección:
Biblioteca teatral ; 58
Otros Autores:
Pàmias, Jordi, pr
MARC
| LEADER | 00000nam a2200000Ia 4500 | ||
|---|---|---|---|
| 001 | 7990 | ||
| 008 | 160829s1988 xx 000 0 cat d | ||
| 080 | |a L-1-243 | ||
| 100 | |a Gibert, Miquel M. |9 20932 | ||
| 245 | |a El Somriure del marbre / Miquel Maria Gibert ; pròleg de Jordi Pàmias | ||
| 260 | |a Barcelona : |b Institut del Teatre de la Diputació de Barcelona : |b Pòrtic, |c 1988 | ||
| 300 | |a 109 p. , 18 cm | ||
| 490 | |a Biblioteca teatral ; 58 | ||
| 590 | |a Accèsit al Premi Ignasi Iglésias 1986. | ||
| 700 | |a Pàmias, Jordi, pr. |9 27842 | ||
| 710 | 1 | |a Institut del Teatre (Barcelona, Catalunya) |9 52662 | |
| 901 | |a Arxiu | ||
| 942 | |n 1 | ||
| 952 | |0 0 |1 0 |4 0 |6 L1243 |7 1 |9 44568 |a Arxiu |b Arxiu |d 2016-12-01 |l 0 |o L-1-243 |p 7990 |r 2016-12-01 00:00:00 |w 2016-12-01 |y ARXIU | ||
| 999 | |c 47149 |d 47149 | ||